000 00734nam a2200217 i 4500
001 143890
003 ES-MaACL
005 20250716062534.0
007 t|
008 070214s1929 fr r ||||1| fre d
100 1 _aShakespeare, William,
_d1564-1616
_9105992
245 1 3 _aLa tragédie de Hamlet, Prince de Danemark /
_cWilliam Shakespeare ; traduction de Jules Derocquigny.
260 _aParis :
_bSocieté de Belles Lettres,
_c1929 (
_eAnvers [Bélgica] :
_fFlor Burton)
300 _aXX, 306 p. ;
_c15 cm.
490 1 _aCollection Shakespeare
500 _aEdición bilingüe.
700 1 _aDerocquigny, Jules.
_943785
830 0 _aCollection Shakespeare
_9187299
852 _aES-MaACL
_jA-2588
999 _c143890
_d143890